| 000 | 01016nam a2200217Ia 4500 | ||
|---|---|---|---|
| 003 | GCL | ||
| 008 | 140319s9999 xx 000 0 ara d | ||
| 040 |
_aGCL / _cGCL |
||
| 082 | 0 | 4 |
_aق _b911.62 _bم م |
| 100 | 1 | _aايمن فؤاد سيد | |
| 245 | 1 | 0 |
_aمسودة كتاب المواعظ والاعتبار فى ذكر الخطط والاثار لتقى الدين احمد بن على بن عبدالقادر المقريزى / _cايمن فؤاد سيد |
| 700 | 1 | _aعلى بن القادر بن محمد الحسينى | |
| 700 | 1 | _aالمقريزى : تقى الدين ابو العباس احمد بن على بن عبدالقادر بن محمد الحسينى العبيدى | |
| 300 | _a534 ص | ||
| 490 |
_aالهيئة العامة للاستعلامات _v0 |
||
| 650 | 0 | 4 | _aمصر - الاثار الاسلامية |
| 650 | 0 | 4 | _aالقاهرة - تاريخ |
| 650 | 0 | 4 | _aالقاهرة - الاثار الاسلامية |
| 650 | 0 | 4 | _aالقاهرة - احياء وضواحى |
| 942 |
_2ddc _cBK |
||
| 999 |
_c51644 _d51644 |
||